Lucy & Charlie Brown: Football Kicking Scene Quiz Stats

 Plays Quiz Updated Oct 19, 2017

Challenge
Share
Tweet
Score 0/148 Timer 08:00
0 Plays Today
% Correct
dishonesty
100%
testifying
100%
go
100%
(runs up)
100%
Aughh!
100%
practicing
100%
Oh,
100%
Oh,
100%
steady.
100%
kill
100%
possession,
100%
Peculiar
100%
Say,
99.9%
much
99.8%
opinion
99.8%
guess
99.8%
Charlie
87.7%
Charlie
87.7%
I
86.9%
I
86.9%
I
86.9%
I
86.9%
you
85.2%
You
85.2%
You
85.2%
you
85.2%
you
85.2%
you
85.2%
you
85.2%
placekicks?
85.1%
kick
85%
kick
85%
kick
85%
a
84.1%
a
84.1%
a
84.1%
a
84.1%
a
84.1%
Brown,
83.7%
Brown.
83.7%
the
80.5%
it.
79.1%
it
79.1%
it
79.1%
it
79.1%
It
79.1%
It
79.1%
football.
76.2%
football.
76.2%
hold
76%
% Correct
hold
76%
ball,
74.7%
ball…
74.7%
and
73.8%
and
73.8%
and
73.8%
and
73.8%
to
72.9%
to
72.9%
to
72.9%
No.
70.3%
No.
70.3%
me.
68.4%
me
68.4%
me
68.4%
me.
68.4%
can
66.1%
can
66.1%
I'll
64.8%
I'll
64.8%
your
63.1%
your
63.1%
your
63.1%
on,
62.7%
on
62.7%
want
62.4%
that
60.6%
that
60.6%
that
60.6%
have
60.1%
come
59.3%
come
59.3%
come
59.3%
is
59.2%
my
58.8%
not
55.4%
few
54.6%
of
54.3%
How
53.2%
pull
53%
pull
53%
about
52.8%
about
52.8%
away
52.8%
away.
52.8%
up
51.8%
… so
51.8%
This
51.6%
This
51.6%
this
51.6%
% Correct
trust
48.2%
in
47.5%
just
47.5%
as
47.3%
as
47.3%
running
46.9%
running
46.9%
don't
46%
back
45.8%
if
42.9%
myself.
42.9%
thing
40.1%
I'm
39.5%
I'm
39.5%
got
37.9%
see
37.5%
See?
37.5%
Please?
37.2%
I've
36.8%
promise
36.7%
time
36.6%
Here's
36.3%
gonna
36%
think
35.9%
really
34%
It's
33.4%
can't
32%
was
31.3%
land
30.6%
signed
29.8%
signed!
29.8%
signed
29.8%
signed
29.8%
never
28.1%
flat
28%
must
27.5%
document,
26.5%
document!
26.5%
document
26.5%
document:
26.5%
stupid.
24.4%
notarized!
20.6%
wrong.
16.6%
mind
14.5%
mind
14.5%
brother.
13.1%
year
12.6%
half
9.5%

You're not logged in!

Compare scores with friends on all Sporcle quizzes.
OR
Log In

You Might Also Like...

Show Comments

Extras

Top Quizzes Today


Score Distribution

Your Account Isn't Verified!

In order to create a playlist on Sporcle, you need to verify the email address you used during registration. Go to your Sporcle Settings to finish the process.

Report this User

Report this user for behavior that violates our Community Guidelines.

Details: